00614cam a2200193 450000100100000000500170001000800410002702000150006804000300008308200160011310000260012924500490015526000680020430000200027249000430029265000210033565000190035683000450037500001487120200929163920.0700810s1970 onc 000 0 eng d a0802016758 aDO-SdBNPcDLCdDLCdBNPHU aNNNNbG662s1 aGordon, Scott,d1924-10aSocial science & modern man /cScott Gordon. aToronto :bUniversity of Toronto ;bCarleton University,c1970. a63 p. ;c22 cm.0 aAlan B. Plaunt memorial lecturesv1969 0aSocial sciences. 0aSocial policy. 0aAlan B. Plaunt memorial lectures ;v1969